00579nam a2200145Ia 4500008004100000024004100041082001900082100006200101245005900163260002500222600002100247650003800268952011000306999001700416250506s9999 xx 000 0 und d a04B-18-BS, 04A-21-BS & 04B-33-BS a658.403811 ADE aAdeel Javaid, Asad Yasin Dhami & Muhammad Mujtaba Hussain 0aWeb Based ERP for Universal Chemical Industry PVT. LTD aKarachi:bUIT,c2004 aComputer Science aBachelor of Computer Science (BS) 001040708PR-CSaUITUbUITUd2022-07-26l0o658.403811 ADEpBS-254r2025-05-06 11:34:02w2025-05-06yPR c27472d27472